000 01955cam a22004934i 4500
003 PE-LiUPU
005 20250731172935.0
008 150623s r 000 0 d
020 _a0802808107
035 _a(Sirsi) i9780802808103
040 _aPE-LiUPU
_bspa
_cPE-LiUPU
_erda
049 _aPRUA
082 0 4 _a284.2
_bC18
_221
100 1 _aCalvino, Juan,
_eautor.
245 1 4 _aThe second epistle of Paul the apostle to the Corinthians and the epistles to Timothy, Titus and Philemon.
_n10 /
_cJuan Calvino.
264 1 _aMichigan :
_bWilliam B. Eerdmans Publishing Company,
_c1996.
300 _a410 páginas ;
_c23 centímetros
336 _atext
_2rdacontent
337 _aunmediated
_2rdamedia
338 _avolume
_2rdacarrier
490 0 _aCalvin's New Testament Commentaries ;
_v10
505 0 _aThe theme of Paul's second epistle to the corinthians: chapter 1-13. -The first and second epistles of Paul the apostle to Thimothy: chapter 1-6. -Theme of Paul's second epistle to Timothy: chapter 1-4. -The epistle of Paul to Titus: chapter 1-3. -The epistle of Paul to Philemon.
526 _aSEG42
526 _aSEG41
526 _aSEG40
526 _aSEG39
526 _aP94
526 _aP87
526 _aP86
526 _aP85
526 _aP77
526 _aP76
526 _aP35
630 _aBiblia.
_pN.T.
_pCorintios
_xComentarios.
630 _aBiblia.
_pN.T.
_pFilemón
_xComentarios.
630 _aBiblia.
_pN.T.
_pTimoteo
_xComentarios.
630 _aBiblia.
_pN.T.
_pTito
_xComentarios.
942 _2ddc
_cBOOK
949 _a284.2 C18 10
_wDEWEY
_c1
_i44370
_lCCODEBUL1
_mBUL
_r0
_sY
_tBOOK
_u2015-6-24
_xTEOLOGIA
_PP35
_0COMPRA
_o.STAFF. Colección General
994 _aC0
_bPEPRU
596 _a1
999 _a284.2 C18 10
_wDEWEY
_c21250
_i44370
_f2021-11-11
_g5
_lCCODEBUL1
_mBUL
_r0
_sY
_tBOOK
_u2015-6-24
_xTEOLOGIA
_PP35
_0COMPRA
_o.STAFF. Colección General
_d21250
980 _81
_gALBERTO SANCHEZ Responsable de Automatización